Анализ современных малогабаритных лазерных гироскопов; Приборы и системы. Управление, контроль, диагностика; № 1

Bibliografiske detaljer
Parent link:Приборы и системы. Управление, контроль, диагностика: научно-технический и производственный журнал.— , 2000-
№ 1.— 2003.— С. 39-41
Hovedforfatter: Ильин С. А.
Andre forfattere: Коровин В. В.
Sprog:russisk
Udgivet: 2003
Serier:Датчики
Fag:
Format: MixedMaterials Book Chapter
KOHA link:https://koha.lib.tpu.ru/cgi-bin/koha/opac-detail.pl?biblionumber=384681

MARC

LEADER 00000naa2a2200000 4500
001 384681
005 20231101063255.0
035 |a (RuTPU)RU\TPU\prd\11629 
090 |a 384681 
100 |a 20030318a2003 k y0rusy50 ca 
101 0 |a rus 
102 |a RU 
200 1 |a Анализ современных малогабаритных лазерных гироскопов  |f С. А. Ильин, В. В. Коровин 
225 1 |a Датчики 
320 |a Библиогр.: 13 назв. 
461 1 |0 (RuTPU)RU\TPU\prd\1687  |t Приборы и системы. Управление, контроль, диагностика  |o научно-технический и производственный журнал  |d 2000- 
463 1 |0 (RuTPU)RU\TPU\prd\11485  |t № 1  |v С. 39-41  |d 2003 
610 1 |a лазерные гироскопы 
610 1 |a методы повышения точности 
610 1 |a оптические генераторы 
700 1 |a Ильин  |b С. А. 
701 1 |a Коровин  |b В. В. 
801 1 |a RU  |b 63413507  |c 20030318  |g PSBO 
801 2 |a RU  |b 63413507  |c 20121008  |g RCR 
942 |c BK